| 000 | 00462cam a2200169ua 4500 | ||
|---|---|---|---|
| 041 |
_aeng _h |
||
| 082 |
_a519.02462 _bMON/AP |
||
| 100 | _aMontgomery, Douglas C . | ||
| 245 |
_aApplied statistics and probability for engineers / _cDouglas C Montgomery. _hTextual Documents |
||
| 250 |
_a3 / _b. |
||
| 260 |
_aNew Delhi : _bWiley India , _c2007. |
||
| 300 | _a706 ; . | ||
| 504 | _a | ||
| 700 | 1 | _aRunger , George C . | |
| 942 | _cBK | ||
| 999 |
_c13189 _d13189 |
||